000
00319 a2200145 4500
001
154817
040
_c
Escola São Tomás de Aquino
100
_a
BUENO, Elaine
240
1
0
_a
Projeto Jimboê
_l
por
245
1
0
_a
Projeto Jimboê
300
_a
183
440
1
_a
Editora do Brasil
697
_a
CIÊNCIAS
942
_c
BK
999
_c
154817
_d
154817